00435nam a2200133Ia 4500008004100000041001200041082002000053100005100073245009400124250001200218260002700230300000800257650003600265231221s9999 xx 000 0 und d aEnglish a651.4 APP;1 R aAppannaiah, H.R. Reddy P.N. Gopalakrishna, D.S 0aBBM business communication: as per new syllabus for 3rd semester BBM Bangalore University a1st ed. c2007bHimalayaaMumbai a202 aBBM,business,communication:,BBM